Personality development and career management: (Record no. 16820)

MARC details
000 -LEADER
fixed length control field 00998nam a22002777a 4500
008 - FIXED-LENGTH DATA ELEMENTS--GENERAL INFORMATION
fixed length control field 081016t xxu||||| |||| 00| 0 eng d
010 ## - LCCN (DPL NO)
LC control number ENG-91349
020 ## - INTERNATIONAL STANDARD BOOK NUMBER
International Standard Book Number 9788121929035
Terms of availability 300.00
020 ## - INTERNATIONAL STANDARD BOOK NUMBER
International Standard Book Number 8121929032
035 ## - SYSTEM CONTROL NUMBER
System control number EN-74882
037 ## - SOURCE OF ACQUISITION
Source of stock number/acquisition DBAD / PUB
040 ## - CATALOGING SOURCE
Original cataloging agency dpl
Language of cataloging English
082 ## - DEWEY DECIMAL CLASSIFICATION NUMBER
Classification number 155.25
100 ## - MAIN ENTRY--PERSONAL NAME
Personal name Onkar, R.M.
245 ## - TITLE STATEMENT
Title Personality development and career management:
Remainder of title a pragmatic perspective /
Statement of responsibility, etc by R.M. Onkar
250 ## - EDITION STATEMENT
Edition statement 2nd rev. ed.
260 ## - PUBLICATION, DISTRIBUTION, ETC. (IMPRINT)
Place of publication, distribution, etc New Delhi
Name of publisher, distributor, etc S. Chand
Date of publication, distribution, etc 2009
270 ## - ADDRESS
Address 7361, Ram Nagar
City New Delhi
Postal code 110055
300 ## - PHYSICAL DESCRIPTION
Extent xx, 204p.:
Other physical details col., b&w photos
Dimensions 25cm (pbk)
650 ## - SUBJECT ADDED ENTRY--TOPICAL TERM
Source of heading or term Psychoanalysis
650 ## - SUBJECT ADDED ENTRY--TOPICAL TERM
Source of heading or term Developmental psychology
650 ## - SUBJECT ADDED ENTRY--TOPICAL TERM
Source of heading or term Personality
650 ## - SUBJECT ADDED ENTRY--TOPICAL TERM
Source of heading or term Personality and occupation
942 ## - ADDED ENTRY ELEMENTS (KOHA)
Source of classification or shelving scheme Dewey Decimal Classification
Item type English Books
Call number suffix ONK
Classification part 155.25
Holdings
Withdrawn status Lost status Source of classification or shelving scheme Damaged status Not for loan Collection code Home library Current library Date acquired Source of acquisition Cost, normal purchase price Total Checkouts Full call number Barcode Date last seen Copy number Cost, replacement price Koha item type
    Dewey Decimal Classification   Not For Loan Non-fiction D.B.Act.Division D.B.Act.Division 16/10/2008 DBAD / PUB 300.00   155.25 ONK EN-74882 16/10/2008 1 300.00 English Books

© Delhi Public Library
Hit Counter
free hit counter